000 00558nam a2200193 i 4500
001 100505
003 ES-MaACL
005 20250815120050.0
007 t|
008 050929s1918 sp a |||| | spa d
100 1 _aMasriera, Víctor,
_d1875-1938
_978777
245 1 0 _aManual de pedagogía del dibujo /
_cpor Víctor Masriera.
250 _a2ª ed.
260 _aMadrid :
_bSucs. Rivadeneyra,
_c1918.
300 _a312 p. :
_bil. ;
_c20 cm.
650 0 4 _aDibujo-
_xEnseñanza
_911861
852 _aES-MaACL
_jB-4018
999 _c100505
_d100505